Quizz films N°1 (50 films) - Statistiques

Statistiques générales
  • Ce quiz a été pris 322 fois
  • Le résultat moyen est 12 sur 50
Statistiques - réponses
Par images Réponse % Correct
Bambi
94%
Maman j'ai raté l'avion
90%
Astérix et Obélix Mission Cléopâtre
69%
Dragons
69%
Minecraft
68%
Leon
67%
Mission Impossible
63%
La Belle et la Bête
57%
8 Mile
53%
Le Dictateur
52%
Les Goonies
47%
Qui veut la peau de Roger Rabbit ?
38%
La Cité de la Peur
32%
Gone Girl
31%
Flow
30%
Destination Finale
29%
Piège de Cristal
29%
Point Break
28%
Hérédité
23%
Rec
23%
Anatomie d'une Chute
22%
Le Nom de la Rose
18%
La Mort aux Trousses
13%
Le Samouraï
13%
X
11%
Le Parrain 2
10%
La Route d'Eldorado
9%
Match Point
9%
Chinatown
6%
Harakiri
6%
Belle de Jour
5%
Mustang
5%
Barbarella
4%
Persona
4%
Un après-midi de chien
4%
Le Docteur Jivago
3%
Les Chambres Rouges
3%
All About Lily-Chouchou
2%
Audition
2%
Boulevard du Crépuscule
2%
Crash
2%
Cria Cuervos
2%
Hiroshima mon Amour
2%
Invasion Los Angeles
2%
Laura
2%
La Chinoise
1%
Mais ne nous délivrez pas du mal
1%
Théorème
1%
Un grand voyage vers la nuit
1%
Soldat Bleu
0%
Aucun quiz correspondant
Distribution des résultats
% des personnes avec chaque résultat
Percentile par nombre de réponses
Votre historique - résultats
Vous n’avez pas pris ce quiz